Las reclamaciones tributarias ante la jurisprudencia 2000 a 2006

Gespeichert in:
Bibliographische Detailangaben
1. Verfasser: Bustos Gómez, Ricardo Hernán (VerfasserIn)
Format: Buch
Sprache:Spanisch
Veröffentlicht: Santiago Ediciones Jurídicas 2007
Schlagworte:
Tags: Tag hinzufügen
Keine Tags, Fügen Sie den ersten Tag hinzu!

MARC

LEADER 00000nam a2200000 a 4500
001 UCI2611
003 CL-VaPUC
008 070831e20070000CL |||||||||||||||||spa|d
020 |a 9568217096 
082 0 4 |a 343.8304  |b BUS  |2 21 
100 0 |a Bustos Gómez, Ricardo Hernán  |e author  |9 523665 
245 1 4 |a Las reclamaciones tributarias ante la jurisprudencia 2000 a 2006 
300 |a 480 p 
942 |c BK 
945 |d 20070831 00:00:00  |a jtorresc 
260 |a Santiago  |b Ediciones Jurídicas  |c 2007 
650 0 |a Derecho tributario  |9 258895 
650 0 |a Derecho constitucional   |9 222588 
650 0 |a Código tributario  |9 350428 
650 7 |a RECLAMACIONES TRIBUTARIAS  |2 CL-VaPUC  |9 500955 
650 0 |a Tribunal constitucional   |9 255000 
651 7 |a CHILE  |2 CL-VaPUC  |9 523666 
583 |a last modification  |c 20070831 00:00:00  |k Rodrigo Vera 
999 |c 327098  |d 327096 
952 |0 0  |1 0  |4 0  |6 343_830400000000000_BUS_2007  |7 0  |8 A  |9 409535  |a BIBDER  |b BIBDER  |d 2019-11-22  |i 4367898  |o 343.8304 BUS 2007  |p 4367898  |r 2023-01-25  |w 2019-11-22  |y BK  |k DER